|
|
|
|
| LEADER |
01098nam a2200277 a 4500 |
| 001 |
27259 |
| 003 |
BD-DhAAL |
| 005 |
20200601190530.0 |
| 008 |
130727r20112010nyua b 001 0 eng |
| 999 |
|
|
|c 13744
|d 13744
|
| 010 |
|
|
|a 2009042129
|
| 020 |
|
|
|a 9780199214884 (acidfree paper)
|a 9780199599189
|
| 020 |
|
|
|a 0199214883 (acidfree paper)
|
| 040 |
|
|
|a DLC
|c DLC
|d YDX
|d CDX
|d BWK
|d BWX
|d YDXCP
|d DLC
|d BD-DhAAL
|
| 050 |
0 |
0 |
|a HD58.8
|b .G742 2010
|
| 082 |
0 |
0 |
|a 658.406
|2 22
|
| 100 |
1 |
|
|a Grieves, Jim.
|9 2351
|
| 245 |
1 |
0 |
|a Organizational change :
|b themes & issues /
|c Jim Grieves.
|
| 260 |
|
|
|a New York ;
|a Oxford :
|b Oxford University Press,
|c 2010 [reprinted 2011]
|
| 300 |
|
|
|a xxx, 410 pages :
|b color illustrations :
|c 25 cm.
|
| 504 |
|
|
|a Includes bibliographical references and index.
|
| 541 |
|
|
|e 27259
|
| 650 |
|
0 |
|a Organizational change.
|9 2352
|
| 852 |
|
|
|a BRAC Institute of Governance and Development
|c General Stacks
|
| 942 |
|
|
|2 ddc
|c BK
|
| 952 |
|
|
|0 0
|1 0
|2 ddc
|4 0
|6 658_406000000000000_GRI
|7 0
|9 22991
|a IGS
|b IGS
|c GEN
|d 2013-07-27
|e Paragon
|g 629.00
|l 0
|o 658.406 GRI
|p 3010027259
|r 2013-07-27
|t 1
|w 2013-07-27
|y BK
|